[Event "DEM U16w 2022"]
[Site "Willingen GER"]
[Date "2022.06.07"]
[Round "4"]
[White "Dohon, Maria-Johanna"]
[Black "Miriieva, Amina"]
[Result "1/2-1/2"]
[Termination "normal"]
[Board "12"]
[WhiteElo "1578"]
[BlackElo "1155"]
[WhiteClock "00:10:09"]
[BlackClock "00:29:26"]
[PlyCount "87"]
[WhiteFideId "34600957"]
[BlackFideId "34154957"]
[EventCountry "GER"]
[EventRounds "9"]
[EventType "swiss"]
[EventDate "2022.06.04"]

1. d4 {[%clk 1:30:55]} d5 {[%clk 1:30:59]} 2. c4 {[%clk 1:31:15]} e5 {[%clk
1:31:26]} 3. dxe5 {[%clk 1:30:05]} d4 {[%clk 1:31:51]} 4. Nf3 {[%clk 1:28:35]}
Nc6 {[%clk 1:32:12]} 5. a3 {[%clk 1:24:54]} Qe7 {[%clk 1:29:57]} 6. g3 {[%clk
1:14:07]} Nxe5 {[%clk 1:29:21]} 7. Nxe5 {[%clk 1:09:21]} Qxe5 {[%clk 1:29:43]}
8. Bg2 {[%clk 1:09:01]} Nf6 {[%clk 1:28:43]} 9. Bf4 {[%clk 1:05:38]} Qa5+
{[%clk 1:24:00]} 10. Nd2 {[%clk 1:01:14]} c6 {[%clk 1:11:50]} 11. O-O {[%clk
0:56:54]} Be7 {[%clk 1:06:44]} 12. Nb3 {[%clk 0:48:06]} Qb6 {[%clk 0:57:23]}
13. Nxd4 {[%clk 0:43:09]} O-O {[%clk 0:55:59]} 14. Nb3 {[%clk 0:36:27]} Rd8
{[%clk 0:54:23]} 15. Qc2 {[%clk 0:36:46]} Be6 {[%clk 0:53:47]} 16. Be3 {[%clk
0:35:35]} Qa6 {[%clk 0:53:05]} 17. Rac1 {[%clk 0:34:49]} Rac8 {[%clk 0:51:35]}
18. Bc5 {[%clk 0:30:01]} Rd7 {[%clk 0:45:00]} 19. Bxe7 {[%clk 0:30:05]} Rxe7
{[%clk 0:34:44]} 20. Nc5 {[%clk 0:29:58]} Qa5 {[%clk 0:33:00]} 21. Nxe6 {[%clk
0:29:04]} fxe6 {[%clk 0:31:47]} 22. Rfd1 {[%clk 0:27:15]} Rf8 {[%clk 0:31:03]}
23. Qc3 {[%clk 0:18:44]} Qb6 {[%clk 0:30:05]} 24. Qd4 {[%clk 0:18:55]} Qb3
{[%clk 0:18:14]} 25. Rd3 {[%clk 0:15:19]} Qa4 {[%clk 0:15:52]} 26. c5 {[%clk
0:14:48]} Qa6 {[%clk 0:14:11]} 27. Bh3 {[%clk 0:12:15]} Kh8 {[%clk 0:10:09]}
28. Qc4 {[%clk 0:10:59]} b5 {[%clk 0:06:08]} 29. cxb6 {[%clk 0:09:58]} Qxb6
{[%clk 0:06:07]} 30. Qd4 {[%clk 0:06:45]} Qb7 {[%clk 0:03:32]} 31. b4 {[%clk
0:04:40]} Rfe8 {[%clk 0:02:14]} 32. Bg2 {[%clk 0:04:32]} Rc7 {[%clk 0:01:30]}
33. Rdc3 {[%clk 0:03:17]} e5 {[%clk 0:01:12]} 34. Qd2 {[%clk 0:02:48]} e4
{[%clk 0:01:01]} 35. Qc2 {[%clk 0:02:41]} Nd5 {[%clk 0:01:07]} 36. Rxc6 {[%clk
0:02:30]} Rxc6 {[%clk 0:01:14]} 37. Qxc6 {[%clk 0:02:57]} Qf7 {[%clk 0:01:03]}
38. Rd1 {[%clk 0:01:54]} Nf6 {[%clk 0:01:19]} 39. h3 {[%clk 0:01:08]} h6 {[%clk
0:01:44]} 40. Rc1 {[%clk 0:00:45]} Qa2 {[%clk 0:01:34]} 41. Qc4 {[%clk
0:20:34]} Qxa3 {[%clk 0:30:47]} 42. Qc3 {[%clk 0:19:12]} Qa6 {[%clk 0:30:00]}
43. Qb2 {[%clk 0:11:35]} Rb8 {[%clk 0:29:26]} 44. Rb1 {[%clk 0:10:09]} 1/2-1/2

[Event "DEM U16w 2022"]
[Site "Willingen GER"]
[Date "2022.06.08"]
[Round "5"]
[White "Pohle, Saskia"]
[Black "Voigt, Anastasia"]
[Result "1/2-1/2"]
[Termination "normal"]
[Board "1"]
[WhiteElo "1827"]
[BlackElo "1665"]
[WhiteClock "00:07:32"]
[BlackClock "00:02:40"]
[PlyCount "82"]
[WhiteFideId "16201604"]
[BlackFideId "16235223"]
[EventCountry "GER"]
[EventRounds "9"]
[EventType "swiss"]
[EventDate "2022.06.04"]

1. e4 {[%clk 0:07:32]} e5 2. Nf3 {[%clk 0:07:32]} Nc6 3. d4 {[%clk 0:07:32]}
exd4 4. Nxd4 {[%clk 0:07:32]} Nf6 5. Nxc6 {[%clk 0:07:32]} bxc6 6. Bd3 {[%clk
0:07:32]} Be7 7. O-O {[%clk 0:07:32]} O-O 8. Re1 {[%clk 0:07:32]} d6 9. Nc3
{[%clk 0:07:32]} Re8 10. b3 {[%clk 0:07:32]} Nd7 11. Bb2 {[%clk 0:07:32]} Bf6
12. Qd2 {[%clk 0:07:32]} Nc5 13. Bf1 {[%clk 0:07:32]} Bd7 14. f3 {[%clk
0:07:32]} a5 15. Rad1 {[%clk 0:07:32]} Qb8 16. a3 {[%clk 0:07:32]} Qa7 17. Kh1
{[%clk 0:07:32]} Bc8 18. g3 {[%clk 0:07:32]} Ba6 19. Bg2 {[%clk 0:07:32]} Rad8
20. Qf2 {[%clk 0:07:32]} Qb6 21. f4 {[%clk 0:07:32]} Bb7 22. Ba1 {[%clk
0:07:32]} Ne6 23. Qxb6 {[%clk 0:07:32]} cxb6 24. Re2 {[%clk 0:07:32]} Nd4 25.
Red2 {[%clk 0:07:32]} c5 26. Ne2 {[%clk 0:07:32]} Bxe4 27. Bxe4 {[%clk
0:07:32]} Rxe4 28. Nxd4 {[%clk 0:07:32]} Bxd4 29. Bxd4 {[%clk 0:07:32]} cxd4
30. Rxd4 {[%clk 0:07:32]} Rxd4 31. Rxd4 {[%clk 0:07:32]} Kf8 32. Kg2 {[%clk
0:07:32]} Rc8 33. c4 {[%clk 0:07:32]} Ke7 34. Kf3 {[%clk 0:07:32]} f5 35. Ke3
{[%clk 0:07:32]} Kd7 36. Kd3 {[%clk 0:07:32]} Re8 37. Kd2 {[%clk 0:07:32]} Kc6
38. Rd3 {[%clk 0:07:32]} Re4 39. a4 {[%clk 0:07:32]} g6 40. Rd5 {[%clk
0:07:32]} h6 41. h4 {[%clk 0:07:32]} Kxd5 1/2-1/2

[Event "DEM U16w 2022"]
[Site "Willingen GER"]
[Date "2022.06.08"]
[Round "5"]
[White "Zöllner, Bente"]
[Black "Cordes, Jule"]
[Result "1/2-1/2"]
[Termination "normal"]
[Board "3"]
[WhiteElo "1614"]
[BlackElo "1841"]
[WhiteClock "00:27:10"]
[BlackClock "00:02:08"]
[PlyCount "128"]
[WhiteFideId "16230523"]
[BlackFideId "1060708"]
[EventCountry "GER"]
[EventRounds "9"]
[EventType "swiss"]
[EventDate "2022.06.04"]

1. d4 {[%clk 1:30:57]} d5 {[%clk 1:30:55]} 2. c4 {[%clk 1:31:21]} e6 {[%clk
1:31:19]} 3. Nc3 {[%clk 1:31:30]} c6 {[%clk 1:31:41]} 4. cxd5 {[%clk 1:31:29]}
exd5 {[%clk 1:32:04]} 5. Nf3 {[%clk 1:31:37]} Nf6 {[%clk 1:31:18]} 6. Bg5
{[%clk 1:31:42]} Be7 {[%clk 1:31:09]} 7. e3 {[%clk 1:31:34]} Bg4 {[%clk
1:28:35]} 8. Be2 {[%clk 1:31:08]} Nbd7 {[%clk 1:28:18]} 9. O-O {[%clk 1:30:13]}
O-O {[%clk 1:28:27]} 10. Nd2 {[%clk 1:26:53]} Bxe2 {[%clk 1:22:29]} 11. Qxe2
{[%clk 1:26:38]} Re8 {[%clk 1:21:59]} 12. f3 {[%clk 1:25:21]} Nf8 {[%clk
1:18:34]} 13. Bh4 {[%clk 1:23:27]} Ng6 {[%clk 1:07:40]} 14. Bg3 {[%clk
1:22:50]} Bd6 {[%clk 1:07:14]} 15. Bxd6 {[%clk 1:22:23]} Qxd6 {[%clk 1:07:38]}
16. a3 {[%clk 1:20:20]} Re6 {[%clk 1:03:11]} 17. Qd3 {[%clk 1:19:52]} Rae8
{[%clk 0:58:21]} 18. e4 {[%clk 1:16:41]} dxe4 {[%clk 0:55:45]} 19. fxe4 {[%clk
1:16:20]} Ne5 {[%clk 0:55:04]} 20. Nc4 {[%clk 1:02:46]} Nxd3 {[%clk 0:53:03]}
21. Nxd6 {[%clk 1:03:06]} Rxd6 {[%clk 0:53:27]} 22. e5 {[%clk 1:03:23]} Nxe5
{[%clk 0:46:52]} 23. dxe5 {[%clk 1:00:22]} Rxe5 {[%clk 0:47:17]} 24. Rad1
{[%clk 0:56:16]} Ree6 {[%clk 0:44:55]} 25. Kf2 {[%clk 0:52:32]} Kf8 {[%clk
0:43:44]} 26. Kf3 {[%clk 0:51:19]} Ke7 {[%clk 0:43:03]} 27. Na4 {[%clk
0:47:10]} b6 {[%clk 0:42:28]} 28. Nc3 {[%clk 0:46:52]} Rxd1 {[%clk 0:35:39]}
29. Rxd1 {[%clk 0:47:10]} Rd6 {[%clk 0:34:26]} 30. Re1+ {[%clk 0:46:52]} Kd7
{[%clk 0:31:17]} 31. Re3 {[%clk 0:44:25]} Nd5 {[%clk 0:27:31]} 32. Nxd5 {[%clk
0:44:12]} Rxd5 {[%clk 0:27:31]} 33. b4 {[%clk 0:44:08]} Kd6 {[%clk 0:25:32]}
34. g4 {[%clk 0:44:09]} a5 {[%clk 0:24:19]} 35. bxa5 {[%clk 0:43:41]} Rxa5
{[%clk 0:24:19]} 36. Rd3+ {[%clk 0:42:05]} Rd5 {[%clk 0:23:50]} 37. Rb3 {[%clk
0:42:09]} Kc5 {[%clk 0:21:02]} 38. Rc3+ {[%clk 0:40:33]} Kb5 {[%clk 0:21:02]}
39. a4+ {[%clk 0:38:59]} Kxa4 {[%clk 0:20:54]} 40. Rxc6 {[%clk 0:38:47]} b5
{[%clk 0:20:39]} 41. Ra6+ {[%clk 0:33:27]} Kb3 {[%clk 0:19:02]} 42. Ra7 {[%clk
0:33:15]} Rd6 {[%clk 0:18:24]} 43. g5 {[%clk 0:31:51]} Rg6 {[%clk 0:18:35]} 44.
h4 {[%clk 0:30:48]} f6 {[%clk 0:17:57]} 45. Kg4 {[%clk 0:29:14]} b4 {[%clk
0:15:55]} 46. Ra8 {[%clk 0:30:14]} Kc2 {[%clk 0:18:30]} 47. Rc8+ {[%clk
0:30:05]} Kb2 {[%clk 0:17:59]} 48. Rh8 {[%clk 0:28:44]} fxg5 {[%clk 0:01:53]}
49. h5 {[%clk 0:28:58]} Rc6 {[%clk 0:00:51]} 50. Rxh7 {[%clk 0:28:47]} b3
{[%clk 0:00:53]} 51. Rxg7 {[%clk 0:28:42]} Rh6 {[%clk 0:00:51]} 52. Kxg5 {[%clk
0:28:49]} Rh8 {[%clk 0:01:15]} 53. h6 {[%clk 0:28:52]} Kc2 {[%clk 0:01:12]} 54.
Rc7+ {[%clk 0:29:08]} Kd2 {[%clk 0:01:26]} 55. Rd7+ {[%clk 0:28:45]} Kc3 {[%clk
0:01:38]} 56. Rc7+ {[%clk 0:27:41]} Kb4 {[%clk 0:01:30]} 57. Rb7+ {[%clk
0:27:49]} Kc3 {[%clk 0:01:49]} 58. Rc7+ {[%clk 0:27:58]} Kd2 {[%clk 0:02:02]}
59. Rd7+ {[%clk 0:28:09]} Kc2 {[%clk 0:02:17]} 60. Rc7+ {[%clk 0:28:23]} Kb1
{[%clk 0:02:08]} 61. Rb7 {[%clk 0:28:01]} b2 {[%clk 0:02:31]} 62. Kg6 {[%clk
0:28:17]} Rg8+ {[%clk 0:01:58]} 63. Kf7 {[%clk 0:27:08]} Rg2 {[%clk 0:01:59]}
64. h7 {[%clk 0:27:10]} Rh2 {[%clk 0:02:08]} 1/2-1/2

[Event "DEM U16w 2022"]
[Site "Willingen GER"]
[Date "2022.06.08"]
[Round "5"]
[White "Hubert, Charlotte"]
[Black "Glowiak, Alexandra"]
[Result "1-0"]
[Termination "normal"]
[Board "4"]
[WhiteElo "1651"]
[BlackElo "1503"]
[WhiteClock "00:16:07"]
[BlackClock "00:07:00"]
[PlyCount "63"]
[WhiteFideId "16265920"]
[BlackFideId "16259530"]
[EventCountry "GER"]
[EventRounds "9"]
[EventType "swiss"]
[EventDate "2022.06.04"]

1. e4 {[%clk 1:30:56]} e5 {[%clk 1:30:54]} 2. Nf3 {[%clk 1:31:20]} Nc6 {[%clk
1:31:20]} 3. Bb5 {[%clk 1:31:46]} a6 {[%clk 1:31:41]} 4. Ba4 {[%clk 1:31:59]}
Nf6 {[%clk 1:31:58]} 5. O-O {[%clk 1:32:21]} b5 {[%clk 1:32:03]} 6. Bb3 {[%clk
1:32:44]} Be7 {[%clk 1:32:23]} 7. Re1 {[%clk 1:31:55]} O-O {[%clk 1:32:11]} 8.
c3 {[%clk 1:31:43]} d6 {[%clk 1:29:35]} 9. h3 {[%clk 1:32:07]} Bb7 {[%clk
1:25:20]} 10. d4 {[%clk 1:29:55]} h6 {[%clk 1:15:54]} 11. Nbd2 {[%clk 1:29:32]}
Re8 {[%clk 1:14:44]} 12. Nf1 {[%clk 1:27:41]} Bf8 {[%clk 1:07:45]} 13. Ng3
{[%clk 1:26:57]} Na5 {[%clk 0:56:20]} 14. Bc2 {[%clk 1:24:16]} c6 {[%clk
0:56:11]} 15. b3 {[%clk 1:17:57]} Qc7 {[%clk 0:51:34]} 16. Be3 {[%clk 1:14:10]}
Rad8 {[%clk 0:50:29]} 17. Nh2 {[%clk 1:08:44]} d5 {[%clk 0:41:40]} 18. Ng4
{[%clk 0:46:49]} Nxe4 {[%clk 0:25:35]} 19. dxe5 {[%clk 0:36:56]} Nxg3 {[%clk
0:20:11]} 20. fxg3 {[%clk 0:37:03]} c5 {[%clk 0:17:57]} 21. Qd3 {[%clk
0:36:09]} g6 {[%clk 0:17:44]} 22. Nf6+ {[%clk 0:29:36]} Kg7 {[%clk 0:18:10]}
23. Bf4 {[%clk 0:24:29]} Re6 {[%clk 0:17:53]} 24. Qd2 {[%clk 0:23:31]} Qe7
{[%clk 0:12:28]} 25. Bxh6+ {[%clk 0:22:23]} Kh8 {[%clk 0:12:53]} 26. Qg5 {[%clk
0:20:38]} Bg7 {[%clk 0:07:28]} 27. Qh4 {[%clk 0:18:40]} Bxf6 {[%clk 0:06:22]}
28. exf6 {[%clk 0:15:09]} Rxe1+ {[%clk 0:05:57]} 29. Rxe1 {[%clk 0:15:16]}
Qxe1+ {[%clk 0:06:22]} 30. Kh2 {[%clk 0:15:42]} Kg8 {[%clk 0:06:37]} 31. Bg7
{[%clk 0:16:07]} Qe5 {[%clk 0:07:00]} 32. Qh8# 1-0

[Event "DEM U16w 2022"]
[Site "Willingen GER"]
[Date "2022.06.08"]
[Round "5"]
[White "Sereda, Yaroslava"]
[Black "Buchholz, Maja"]
[Result "0-1"]
[Termination "normal"]
[Board "5"]
[WhiteElo "1698"]
[BlackElo "1939"]
[WhiteClock "00:01:29"]
[BlackClock "00:08:25"]
[PlyCount "74"]
[WhiteFideId "14178940"]
[BlackFideId "16200500"]
[EventCountry "GER"]
[EventRounds "9"]
[EventType "swiss"]
[EventDate "2022.06.04"]

1. e4 {[%clk 1:30:56]} c5 {[%clk 1:30:55]} 2. Nc3 {[%clk 1:31:15]} g6 {[%clk
1:31:17]} 3. d4 {[%clk 1:31:33]} Bg7 {[%clk 1:31:30]} 4. dxc5 {[%clk 1:17:06]}
Qa5 {[%clk 1:31:01]} 5. Nge2 {[%clk 1:15:15]} Nf6 {[%clk 1:29:46]} 6. f3 {[%clk
1:08:03]} Qxc5 {[%clk 1:29:28]} 7. Qd3 {[%clk 1:06:10]} O-O {[%clk 1:26:49]} 8.
Be3 {[%clk 1:04:45]} Qa5 {[%clk 1:26:40]} 9. Qd2 {[%clk 1:03:13]} Nc6 {[%clk
1:19:21]} 10. h4 {[%clk 0:51:32]} Ne5 {[%clk 1:12:18]} 11. Nf4 {[%clk 0:48:15]}
Rb8 {[%clk 1:03:45]} 12. h5 {[%clk 0:37:18]} b5 {[%clk 1:02:07]} 13. hxg6
{[%clk 0:33:50]} fxg6 {[%clk 1:02:02]} 14. Nfd5 {[%clk 0:24:36]} e6 {[%clk
0:52:00]} 15. Ne7+ {[%clk 0:09:30]} Kf7 {[%clk 0:46:52]} 16. Qd6 {[%clk
0:06:49]} Ba6 {[%clk 0:38:13]} 17. Qxe5 {[%clk 0:04:34]} Nh5 {[%clk 0:34:34]}
18. Qc5 {[%clk 0:03:04]} Rb7 {[%clk 0:22:20]} 19. e5 {[%clk 0:01:21]} Rc7
{[%clk 0:17:06]} 20. Qd6 {[%clk 0:01:01]} b4 {[%clk 0:13:05]} 21. Ne4 {[%clk
0:00:50]} Bxf1 {[%clk 0:11:58]} 22. Kxf1 {[%clk 0:00:42]} Bxe5 {[%clk 0:12:03]}
23. Qd2 {[%clk 0:00:44]} Kxe7 {[%clk 0:11:41]} 24. Bg5+ {[%clk 0:00:48]} Kf7
{[%clk 0:11:06]} 25. g4 {[%clk 0:00:48]} d5 {[%clk 0:08:13]} 26. gxh5 {[%clk
0:00:48]} dxe4 {[%clk 0:08:33]} 27. hxg6+ {[%clk 0:00:52]} hxg6 {[%clk
0:08:25]} 28. f4 {[%clk 0:00:41]} Bg7 {[%clk 0:07:13]} 29. Qe2 {[%clk 0:00:43]}
Qf5 {[%clk 0:06:48]} 30. Rh7 {[%clk 0:00:45]} Kg8 {[%clk 0:07:01]} 31. Qh2
{[%clk 0:00:46]} Qxg5 {[%clk 0:07:13]} 32. Rh4 {[%clk 0:00:39]} Rxc2 {[%clk
0:06:48]} 33. Qxc2 {[%clk 0:00:43]} Qxh4 {[%clk 0:07:14]} 34. Kg2 {[%clk
0:00:51]} Qxf4 {[%clk 0:07:18]} 35. Rh1 {[%clk 0:00:49]} Qf3+ {[%clk 0:07:41]}
36. Kh2 {[%clk 0:01:04]} Be5+ {[%clk 0:08:00]} 37. Kg1 {[%clk 0:01:29]} Qf1#
{[%clk 0:08:25]} 0-1

[Event "DEM U16w 2022"]
[Site "Willingen GER"]
[Date "2022.06.08"]
[Round "5"]
[White "Duchstein, Anna"]
[Black "Werner, Rosalie"]
[Result "0-1"]
[Termination "normal"]
[Board "6"]
[WhiteElo "1661"]
[BlackElo "1706"]
[WhiteClock "00:48:07"]
[BlackClock "00:25:35"]
[PlyCount "98"]
[WhiteFideId "16261372"]
[BlackFideId "16223748"]
[EventCountry "GER"]
[EventRounds "9"]
[EventType "swiss"]
[EventDate "2022.06.04"]

1. e4 {[%clk 1:30:59]} d5 {[%clk 1:30:54]} 2. exd5 {[%clk 1:31:16]} Qxd5 {[%clk
1:31:17]} 3. Nc3 {[%clk 1:31:36]} Qd8 {[%clk 1:31:40]} 4. d4 {[%clk 1:31:42]}
Nf6 {[%clk 1:32:03]} 5. Bc4 {[%clk 1:31:31]} g6 {[%clk 1:31:24]} 6. Nf3 {[%clk
1:30:42]} Bg7 {[%clk 1:31:41]} 7. h3 {[%clk 1:29:37]} a6 {[%clk 1:31:52]} 8. a4
{[%clk 1:28:37]} Nc6 {[%clk 1:29:49]} 9. Be3 {[%clk 1:27:28]} b6 {[%clk
1:27:46]} 10. Qd3 {[%clk 1:21:38]} Bb7 {[%clk 1:26:48]} 11. O-O {[%clk
1:19:04]} O-O {[%clk 1:26:05]} 12. Bb3 {[%clk 1:16:21]} e6 {[%clk 1:24:54]} 13.
Qd2 {[%clk 1:13:44]} Ne7 {[%clk 1:23:49]} 14. Nh4 {[%clk 1:02:23]} Ne4 {[%clk
1:06:36]} 15. Nxe4 {[%clk 0:58:03]} Bxe4 {[%clk 1:06:58]} 16. Qd1 {[%clk
0:53:32]} Qd6 {[%clk 0:52:55]} 17. Re1 {[%clk 0:49:09]} Bd5 {[%clk 0:50:55]}
18. Bxd5 {[%clk 0:46:27]} Nxd5 {[%clk 0:46:50]} 19. Bc1 {[%clk 0:43:59]} Rac8
{[%clk 0:43:51]} 20. c3 {[%clk 0:40:03]} c5 {[%clk 0:41:46]} 21. dxc5 {[%clk
0:38:32]} Qxc5 {[%clk 0:41:14]} 22. Nf3 {[%clk 0:35:24]} Rfd8 {[%clk 0:38:58]}
23. Qe2 {[%clk 0:33:55]} Qc4 {[%clk 0:34:28]} 24. Bd2 {[%clk 0:31:06]} b5
{[%clk 0:28:31]} 25. axb5 {[%clk 0:30:06]} Qxe2 {[%clk 0:27:00]} 26. Rxe2
{[%clk 0:30:54]} axb5 {[%clk 0:27:56]} 27. Ra7 {[%clk 0:29:11]} Rc7 {[%clk
0:24:05]} 28. Rxc7 {[%clk 0:27:39]} Nxc7 {[%clk 0:24:29]} 29. Kf1 {[%clk
0:27:00]} Nd5 {[%clk 0:22:54]} 30. Ke1 {[%clk 0:25:04]} Rc8 {[%clk 0:20:12]}
31. Kd1 {[%clk 0:23:43]} b4 {[%clk 0:19:18]} 32. cxb4 {[%clk 0:21:15]} Bxb2
{[%clk 0:18:27]} 33. Bh6 {[%clk 0:20:00]} Nc3+ {[%clk 0:17:59]} 34. Kc2 {[%clk
0:19:52]} Nxe2+ {[%clk 0:17:49]} 35. Kxb2 {[%clk 0:20:16]} Nc3 {[%clk 0:18:01]}
36. Be3 {[%clk 0:18:41]} Nd1+ {[%clk 0:10:44]} 37. Kb3 {[%clk 0:17:59]} Rc3+
{[%clk 0:10:25]} 38. Ka4 {[%clk 0:18:22]} Nxe3 {[%clk 0:05:44]} 39. fxe3 {[%clk
0:18:46]} Rxe3 {[%clk 0:06:00]} 40. b5 {[%clk 0:18:43]} Re2 {[%clk 0:01:24]}
41. b6 {[%clk 0:18:00]} Rb2 {[%clk 0:27:52]} 42. Ka5 {[%clk 0:48:11]} Rxg2
{[%clk 0:27:59]} 43. b7 {[%clk 0:47:59]} Rb2 {[%clk 0:28:03]} 44. Ka6 {[%clk
0:48:23]} Kg7 {[%clk 0:28:05]} 45. Ka7 {[%clk 0:48:09]} f5 {[%clk 0:28:12]} 46.
b8=Q {[%clk 0:48:01]} Rxb8 {[%clk 0:28:34]} 47. Kxb8 {[%clk 0:48:28]} Kf6
{[%clk 0:28:53]} 48. Kc7 {[%clk 0:48:47]} g5 {[%clk 0:27:05]} 49. Kd6 {[%clk
0:48:07]} h5 {[%clk 0:25:35]} 0-1

[Event "DEM U16w 2022"]
[Site "Willingen GER"]
[Date "2022.06.08"]
[Round "5"]
[White "Alferova, Emily"]
[Black "Pikki, Daria"]
[Result "1/2-1/2"]
[Termination "normal"]
[Board "7"]
[WhiteElo "1523"]
[BlackElo "1638"]
[WhiteClock "00:30:23"]
[BlackClock "00:45:15"]
[PlyCount "83"]
[WhiteFideId "16265904"]
[BlackFideId "16281306"]
[EventCountry "GER"]
[EventRounds "9"]
[EventType "swiss"]
[EventDate "2022.06.04"]

1. e4 {[%clk 1:30:58]} e5 {[%clk 1:30:56]} 2. Nf3 {[%clk 1:31:24]} Nc6 {[%clk
1:31:21]} 3. Bc4 {[%clk 1:31:50]} Bc5 {[%clk 1:31:46]} 4. c3 {[%clk 1:32:15]}
Nf6 {[%clk 1:32:08]} 5. d4 {[%clk 1:32:40]} exd4 {[%clk 1:32:22]} 6. e5 {[%clk
1:32:52]} d5 {[%clk 1:32:13]} 7. Be2 {[%clk 1:33:16]} Ne4 {[%clk 1:31:34]} 8.
cxd4 {[%clk 1:33:40]} Bb6 {[%clk 1:30:29]} 9. Nc3 {[%clk 1:34:02]} f5 {[%clk
1:28:39]} 10. exf6 {[%clk 1:29:13]} Nxf6 {[%clk 1:28:56]} 11. O-O {[%clk
1:28:55]} O-O {[%clk 1:28:59]} 12. Na4 {[%clk 1:19:46]} Ne4 {[%clk 1:23:01]}
13. Nxb6 {[%clk 1:19:05]} axb6 {[%clk 1:23:26]} 14. h3 {[%clk 1:18:52]} Qf6
{[%clk 1:22:23]} 15. Qb3 {[%clk 1:13:52]} Be6 {[%clk 1:21:27]} 16. Rd1 {[%clk
1:11:25]} Rad8 {[%clk 1:18:21]} 17. Qe3 {[%clk 0:55:58]} Ne7 {[%clk 1:15:37]}
18. Rf1 {[%clk 0:34:43]} Ng6 {[%clk 1:14:34]} 19. Ng5 {[%clk 0:29:32]} Nxg5
{[%clk 1:13:35]} 20. Qxg5 {[%clk 0:28:31]} Qxd4 {[%clk 1:12:57]} 21. Bh5 {[%clk
0:22:45]} Nf4 {[%clk 1:07:21]} 22. Bxf4 {[%clk 0:17:30]} Qxf4 {[%clk 1:06:15]}
23. Qe7 {[%clk 0:17:54]} Qd6 {[%clk 1:02:44]} 24. Qxd6 {[%clk 0:12:30]} Rxd6
{[%clk 1:01:40]} 25. Rac1 {[%clk 0:12:52]} c6 {[%clk 0:59:46]} 26. Rfe1 {[%clk
0:11:13]} g6 {[%clk 0:59:33]} 27. Bf3 {[%clk 0:11:17]} Bxh3 {[%clk 0:58:42]}
28. Bxd5+ {[%clk 0:10:49]} Rxd5 {[%clk 0:58:56]} 29. gxh3 {[%clk 0:11:13]} Rd2
{[%clk 0:58:31]} 30. Re7 {[%clk 0:08:47]} Rfxf2 {[%clk 0:56:44]} 31. Rxb7
{[%clk 0:08:55]} Rxb2 {[%clk 0:57:01]} 32. Rxc6 {[%clk 0:08:20]} Rf7 {[%clk
0:56:23]} 33. Rbxb6 {[%clk 0:07:38]} Rxa2 {[%clk 0:56:28]} 34. Rf6 {[%clk
0:05:48]} Rc7 {[%clk 0:54:40]} 35. Rfc6 {[%clk 0:05:06]} Rca7 {[%clk 0:52:33]}
36. Rc8+ {[%clk 0:02:39]} Kg7 {[%clk 0:52:08]} 37. Rbc6 {[%clk 0:02:38]} R7a3
{[%clk 0:50:15]} 38. Rc3 {[%clk 0:01:50]} Rxc3 {[%clk 0:47:24]} 39. Rxc3 {[%clk
0:02:14]} Kf6 {[%clk 0:47:09]} 40. Rc4 {[%clk 0:01:30]} h6 {[%clk 0:46:24]} 41.
Rh4 {[%clk 0:00:40]} Kg5 {[%clk 0:45:15]} 42. Rg4+ {[%clk 0:30:23]} 1/2-1/2

[Event "DEM U16w 2022"]
[Site "Willingen GER"]
[Date "2022.06.08"]
[Round "5"]
[White "Sarian, Gaya"]
[Black "Alhassan, Jodi"]
[Result "1-0"]
[Termination "normal"]
[Board "8"]
[WhiteElo "1181"]
[BlackElo "1225"]
[WhiteClock "00:04:52"]
[BlackClock "00:01:56"]
[PlyCount "47"]
[WhiteFideId "16266161"]
[BlackFideId "16250460"]
[EventCountry "GER"]
[EventRounds "9"]
[EventType "swiss"]
[EventDate "2022.06.04"]

1. e4 {[%clk 1:30:53]} c5 {[%clk 1:30:51]} 2. Nf3 {[%clk 1:31:02]} d6 {[%clk
1:31:12]} 3. d4 {[%clk 1:31:19]} cxd4 {[%clk 1:31:28]} 4. Nxd4 {[%clk 1:31:41]}
Nf6 {[%clk 1:31:25]} 5. Nc3 {[%clk 1:31:42]} a6 {[%clk 1:31:39]} 6. f3 {[%clk
1:31:54]} e5 {[%clk 1:29:40]} 7. Nb3 {[%clk 1:30:45]} Be6 {[%clk 1:29:33]} 8.
Be3 {[%clk 1:30:50]} Be7 {[%clk 1:29:25]} 9. Qd2 {[%clk 1:30:44]} O-O {[%clk
1:29:17]} 10. O-O-O {[%clk 1:29:29]} Qc7 {[%clk 1:12:58]} 11. Kb1 {[%clk
1:24:12]} b5 {[%clk 1:07:07]} 12. g4 {[%clk 1:15:43]} Rc8 {[%clk 0:59:27]} 13.
Rc1 {[%clk 1:05:04]} Nfd7 {[%clk 0:53:10]} 14. Nd5 {[%clk 0:55:43]} Bxd5 {[%clk
0:46:40]} 15. exd5 {[%clk 0:55:58]} Nb6 {[%clk 0:37:58]} 16. c4 {[%clk
0:25:39]} bxc4 {[%clk 0:10:26]} 17. Na5 {[%clk 0:20:40]} h6 {[%clk 0:00:37]}
18. h4 {[%clk 0:16:40]} N8d7 {[%clk 0:00:36]} 19. Nc6 {[%clk 0:08:02]} Nf6
{[%clk 0:00:38]} 20. Bxb6 {[%clk 0:06:34]} Qxb6 {[%clk 0:01:00]} 21. Nxe7+
{[%clk 0:06:57]} Kf8 {[%clk 0:01:22]} 22. Nxc8 {[%clk 0:06:59]} Rxc8 {[%clk
0:01:49]} 23. Rxc4 {[%clk 0:04:40]} Rb8 {[%clk 0:01:56]} 24. Rc6 {[%clk
0:04:52]} 1-0

[Event "DEM U16w 2022"]
[Site "Willingen GER"]
[Date "2022.06.08"]
[Round "5"]
[White "Petersen, Sophie"]
[Black "Köpnick, Amanda"]
[Result "1-0"]
[Termination "normal"]
[Board "9"]
[WhiteElo "1653"]
[BlackElo "1162"]
[WhiteClock "00:53:07"]
[BlackClock "00:51:58"]
[PlyCount "45"]
[WhiteFideId "16229380"]
[BlackFideId "34618538"]
[EventCountry "GER"]
[EventRounds "9"]
[EventType "swiss"]
[EventDate "2022.06.04"]

1. e4 {[%clk 1:30:57]} e5 {[%clk 1:30:52]} 2. Nf3 {[%clk 1:31:21]} Nc6 {[%clk
1:31:12]} 3. Nc3 {[%clk 1:31:44]} Nf6 {[%clk 1:30:48]} 4. Bb5 {[%clk 1:31:59]}
d6 {[%clk 1:29:37]} 5. d4 {[%clk 1:31:18]} Bd7 {[%clk 1:29:00]} 6. O-O {[%clk
1:28:49]} Be7 {[%clk 1:27:23]} 7. Bg5 {[%clk 1:20:43]} exd4 {[%clk 1:24:13]} 8.
Nxd4 {[%clk 1:20:03]} Ne5 {[%clk 1:23:49]} 9. Bxd7+ {[%clk 1:19:31]} Qxd7
{[%clk 1:23:29]} 10. f4 {[%clk 1:16:30]} Nc4 {[%clk 1:21:38]} 11. Qe2 {[%clk
1:12:17]} Nb6 {[%clk 1:19:51]} 12. Nf5 {[%clk 1:08:34]} O-O-O {[%clk 1:09:09]}
13. Rad1 {[%clk 1:04:09]} h6 {[%clk 1:05:22]} 14. Bh4 {[%clk 1:03:54]} Rde8
{[%clk 1:01:46]} 15. Nxg7 {[%clk 0:59:54]} Reg8 {[%clk 1:01:08]} 16. Nf5 {[%clk
0:59:36]} Re8 {[%clk 0:59:36]} 17. Nxe7+ {[%clk 0:57:16]} Qxe7 {[%clk 0:59:06]}
18. e5 {[%clk 0:56:44]} dxe5 {[%clk 0:59:17]} 19. fxe5 {[%clk 0:56:36]} Qc5+
{[%clk 0:59:03]} 20. Bf2 {[%clk 0:55:59]} Qxe5 {[%clk 0:55:29]} 21. Qxe5 {[%clk
0:55:45]} Rxe5 {[%clk 0:55:52]} 22. Bd4 {[%clk 0:56:04]} Ng4 {[%clk 0:51:58]}
23. h3 {[%clk 0:53:07]} 1-0